000 00211 a2200097 4500
001 34463
100 _aLyle Sandy
245 _aLearning Goldf
260 _aNY
_bHarper and Row Pub
_c1986
090 _c22752
_d22752
942 _aNUST-CAE
_cM
_c14172
999 _c269536
_d269536